Countries with Black on their Flag - Sudden Death - Statistics

General Stats
  • This quiz has been taken 70 times
  • The average score is 10 of 15
Answers on the Grid
Answers color-coded by a green-red scale on the quiz's grid according to % correct below.
Papua New Guinea
South Korea
Switzerland
Thailand
Lithuania
Senegal
Malawi
Myanmar
Israel
Comoros
Croatia
Germany
St Kitts and Nevis
Luxembourg
Libya
Ghana
Afghanistan
Uganda
Philippines
Vanuatu
Estonia
Canada
Timor-Leste
Barbados
Georgia
Guinea
Lesotho
Pakistan
Sudan
Djibouti
 
Answer Stats
Answer % Correct
Germany
76%
South Korea
76%
Afghanistan
73%
Estonia
73%
Papua New Guinea
71%
Libya
69%
Uganda
69%
Malawi
65%
Sudan
64%
Timor-Leste
64%
Barbados
60%
Ghana
56%
St Kitts and Nevis
55%
Lesotho
51%
Vanuatu
47%
No matching quizzes found
Score Distribution
Percent of People with Each Score
Percentile by Number Answered
Your Score History
You have not taken this quiz